LEADER 01515nam a2200277 u 4500 001 000000000934 003 CaOOAMICUS 005 20070226104245.0 008 940513s1965 it u000 u ita u 035 $a10020209 040 $aPUL(R)$bita 111 2 $aSettimana sociale dei cattolici d'Italia$n(36 :$d1964 :$cPescara).$0(OLS)http://pul/name/1061 245 10$aPersona e bene comune nello stato contemporaneo :$bXXXVI Settimana Sociale dei Cattolici d'Italia. Pescara, 30 maggio - 4 giugno 1964. 246 33$aAtti della XXXVI settimana sociale dei Cattolici d'Italia 260 $aRoma :$bScuola tipografica Don Orione,$c1965. 300 $a489 p. ;$c25 cm 490 1 $aSettimane Sociali dei Cattolici d'Italia ;$v36 650 4$aSociologia$xCongressi.$0(OLS)http://pul/subject/1052 650 4$aBene comune$xCongressi.$0(OLS)http://pul/subject/1053 830 0$aSettimane Sociali dei Cattolici d'Italia ;$v36.$0(OLS)http://pul/title/1373 850 $aPUL 852 $aPUL$W1$xDP1 Cons. Gen., Altre Classi 1$y22$m44 A 36$j1212$nBK-PRI$b $qStampati$B1212$CPULBib$Z2$F1212 $H $81 941 1 $a8 996 $6245$aPersona e bene comune nello stato contemporaneo :$bXXXVI Settimana Sociale dei Cattolici d'Italia. Pescara, 30 maggio - 4 giugno 1964$9(OLS)http://pul/title/1376 996 $6246$aAtti della XXXVI settimana sociale dei Cattolici d'Italia$9(OLS)http://pul/title/1377 996 $6260$aRoma :$bScuola tipografica Don Orione$9(OLS)http://pul/publisher/48431 LEADER 01327nam a2200289 u 4500 001 000000110682 003 CaOOAMICUS 005 20080317092634.0 008 080317s2006 it u000 u ita u 020 $a88-217-2276-7 040 $aPUL$bita$dMCT 100 1 $aValente, Piergiorgio.$0(OLS)http://pul/name/67877 245 10$aConvenzioni internazionali contro le doppie imposizioni /$cPiergiorgio Valente. 250 $a4. ed. 260 $a[S.l.] :$bIpsoa,$c2006. 300 $aXVII, 1963 p. ;$c25 cm +$eCD-Rom. 490 1 $aManuali operativi 504 $aInclude riferimenti bibliografici. 650 4$aDiritto internazionale.$0(OLS)http://pul/subject/2505 830 0$aManuali operativi.$0(OLS)http://pul/title/139184 850 $aPUL 852 $aPUL$W1$xSL Diritto e Scienze Sociali 3$y79$m341. 48 VALPI 1 CD$j126813$aCD-Rom$qDDC 21$B125534$CPULBib$Z2$F125534 $H106776 $82 852 $aPUL$W1$xSL Diritto e Scienze Sociali 3$y79$m341. 48 VALPI 1$j126815$qDDC 21$B125536$CPULBib$Z2$F125536 $H106775 $82 941 1 $a9 996 $6020$a88-217-2276-7$9(OLS)http://pul/number/137540 996 $6245$aConvenzioni internazionali contro le doppie imposizioni$9(OLS)http://pul/title/139195 996 $6260$a[S.l.] :$bIpsoa$9(OLS)http://pul/publisher/77155